Quizzes
Events
Quiz Creation
Community
Videos
Private Events
Remove Ads
Sign In
Join for FREE
Feedback
Dark Mode
Quiz Categories
Sports
Geography
Music
Movies
Television
Just For Fun
Miscellaneous
History
Literature
Language
Science
Gaming
Entertainment
Religion
Holiday
For Kids
Quiz Lab
Recent
Popular Today
Quiz Kudos Today
Editor Picks
Curator Picks
Quizzes by...
Day
Popularity
Type
Ratings
Length
Year
Community
Subscriptions
Recent Discussions
Orange Saloon
Badges
Playlists
Quests
Create
Leaderboards
Showdown
Live 5
Trivia Bingo
Activity
Puzzle Library
Sporcle Events
Private Events
Virtual Trivia
Globe League
Become a Host
Pub Owners
SporcleCon
Opinionation
Our Games
Videos
Blog
Mobile Apps
Partnerships
Remove Ads and Go Orange
Feedback
Sports
Athletes
MLB
NBA
NHL
NFL
Soccer
Sports Teams
WWE
NCAA
Football
Premier League
Basketball
Baseball
Hockey
Golf
Tennis
Cricket
Rugby
Auto Racing
Olympics
World Cup
Sports
Athletes
MLB
NBA
NHL
NFL
Soccer
Sports Teams
WWE
NCAA
Football
Premier League
Basketball
Baseball
Hockey
Golf
Tennis
Cricket
Rugby
Auto Racing
Olympics
World Cup
Random Quiz
Search Sporcle
×
Quiz Lab
Quiz Lab
Sports
WWE
Type in answers that appear in a list
Type in answers that appear in a list
Classic
Best Score? Go Orange.
Every WWE PPV Appearance in the 2000s Stats
Can you name the wrestlers to star in a WWE PPV Match in the 2000s?
By
spark3
20m
288 Questions
2,274 Plays
2,274 Plays
2,274 Plays
Comments
Comments
Give Quiz Kudos
Give Quiz Kudos
-
- Ratings
hide this ad
Replay
Link that replays current quiz
Next Quiz
Link to next quiz in quiz playlist
You Got
0%
They Got
Avg Score
63%
Avg Friend Score
Upgrade to see
Score Distribution
Jump to the score distribution portion of the page
Score
0/288
Timer
20:00
0
Plays Today
First PPV in 2000s
Wrestler
% Correct
Royal Rumble 2000
Triple H
94.2%
Royal Rumble 2000
The Rock
94%
Vengeance 2006
Imposter Kane
94%
Royal Rumble 2000
Kane
93.5%
Royal Rumble 2000
Edge
92.9%
Royal Rumble 2000
Jeff Hardy
92.4%
Royal Rumble 2000
Matt Hardy
92.3%
Royal Rumble 2000
Christian
92%
Royal Rumble 2000
The Undertaker
92%
Royal Rumble 2000
Big Show
91.6%
Royal Rumble 2000
Kurt Angle
91.4%
WrestleMania 2000
Eddie Guerrero
91.4%
Royal Rumble 2000
Chris Jericho
91%
Royal Rumble 2000
Bubba Ray Dudley
90.9%
Royal Rumble 2000
D-Von Dudley
90.8%
Vengeance 2002
John Cena
90.8%
Backlash 2001
Spike Dudley
90.7%
Survivor Series 2000
Steve Austin
90.6%
No Way Out 2000
Chris Benoit
90.5%
Survivor Series 2001
Chavo Guerrero Jr
90.5%
Armageddon 2002
Batista
90.5%
SummerSlam 2003
Randy Orton
90.4%
Royal Rumble 2000
X-Pac
90.3%
Royal Rumble 2000
Road Dogg
90.1%
Judgement Day 2000
Shane McMahon
90.1%
Royal Rumble 2000
Cactus Jack
90%
Royal Rumble 2000
Bradshaw
89.9%
King of the Ring 2000
Vince McMahon
89.9%
Extreme Rules 2009
Vickie Guerrero
89.7%
No Way Out 2001
Stephanie McMahon
89.6%
No Mercy 2000
Trish Stratus
88.2%
Royal Rumble 2000
Billy Gunn
88.2%
InVasion
Booker T
87.7%
Royal Rumble 2000
Hardcore Holly
87%
No Mercy 2000
Lita
87%
Royal Rumble 2000
Crash Holly
86.7%
Royal Rumble 2000
Test
86.7%
Royal Rumble 2002
Ric Flair
86.6%
InVasion
Rob Van Dam
86.4%
Royal Rumble 2000
Rikishi
86.3%
Survivor Series 2000
Molly Holly
86.2%
Royal Rumble 2000
Grandmaster Sexay
86%
SummerSlam 2002
Shawn Michaels
86%
Royal Rumble 2002
Goldust
85.7%
Backlash 2002
Brock Lesnar
85.7%
Royal Rumble 2000
Faarooq
85.4%
WrestleMania X8
Hollywood Hulk Hogan
84.7%
SummerSlam 2002
Rey Mysterio
84.5%
Judgment Day 2003
Kevin Nash
84.3%
WrestleMania X8
Scott Hall
83.6%
Royal Rumble 2000
Big Boss Man
83.4%
Royal Rumble 2000
Scotty 2 Hotty
83.1%
No Mercy 2000
William Regal
82.7%
Royal Rumble 2000
Albert
82.4%
Royal Rumble 2000
Chyna
82.3%
Vengeance 2003
John Hennigan
81.8%
Unforgiven 2002
Jamal
81.7%
Survivor Series 2001
Tommy Dreamer
81.4%
Armageddon 2004
Mike Mizanin
81.4%
Royal Rumble 2003
Shelton Benjamin
81.3%
Judgment Day 2006
Jillian Hall
80.7%
Armageddon 2003
Mark Henry
80.3%
Royal Rumble 2000
The Godfather
80.3%
Survivor Series 2007
Cody Rhodes
80.2%
Survivor Series 2006
CM Punk
80.1%
Royal Rumble 2000
Tazz
79.5%
Royal Rumble 2000
Val Venis
79.4%
Survivor Series 2006
Dusty Rhodes
79.4%
No Way Out 2000
Perry Saturn
79.1%
No Way Out 2000
Dean Malenko
79%
ECW One Night Stand 2005
Sabu
78.3%
InVasion
Diamond Dallas Page
78%
Vengeance 2006
Nicky
78%
Royal Rumble 2003
Charlie Haas
77.9%
Royal Rumble 2000
D'lo Brown
77.9%
Backlash 2003
Goldberg
77.9%
InVasion
Torrie Wilson
77.7%
Royal Rumble 2001
Raven
77.6%
ECW One Night Stand 2005
The Sandman
77.5%
Royal Rumble 2000
Al Snow
76.8%
Survivor Series 2004
Carlito
76.7%
No Mercy 2005
Bobby Lashley
76.6%
Royal Rumble 2000
British Bulldog
76.1%
Unforgiven 2001
The Hurricane
76.1%
SummerSlam 2000
Jerry Lawler
75.7%
Judgment Day 2006
Great Khali
74.9%
Night of Champions 2008
Ted Dibiase
74.9%
Backlash 2001
Rhyno
74.6%
Royal Rumble 2000
Ivory
74.5%
InVasion
Lance Storm
74.5%
SummerSlam 2001
Tajiri
74.2%
WrestleMania XX
Finlay
74.2%
Judgment Day 2003
Roddy Piper
73.8%
Royal Rumble 2000
Viscera
73.7%
Taboo Tuesday 2005
Mickie James
73.2%
SummerSlam 2000
Steven Richards
73%
First PPV in 2000s
Wrestler
% Correct
Judgment Day 2005
Joey Mercury
72.7%
No Way Out 2007
Deuce
72.5%
No Mercy 2005
Mr Kennedy
71.9%
InVasion
Chuck Palumbo
71.6%
Royal Rumble 2000
Steve Blackman
71.3%
No Mercy 2006
KC James
71%
Royal Rumble 2002
Maven
70.5%
WrestleMania 2000
Funaki
70.3%
InVasion
Stacy Keibler
70.3%
No Mercy 2006
MVP
70.2%
No Mercy 2002
Victoria
70%
Unforgiven 2002
Rosey
70%
Royal Rumble 2003
Scott Steiner
69.5%
Survivor Series 2008
Kofi Kingston
69.3%
Royal Rumble 2001
Honky Tonk Man
69%
Great American Bash 2006
Michelle McCool
69%
King of the Ring 2002
Jamie Noble
68.7%
WrestleMania X-
7
Repo Man
68.6%
SummerSlam 2004
Paul London
68.4%
InVasion
Billy Kidman
68.1%
Great American Bash 2005
Melina
68.1%
WrestleMania X-
7
Sgt Slaughter
68%
WrestleMania 2000
Bull Buchanan
67.9%
Royal Rumble 2002
Jazz
67.9%
WrestleMania XXV
Ricky Steamboat
67.4%
Vengeance 2006
Kenny
67.3%
Royal Rumble 2000
Jacqueline
67.3%
InVasion
Mike Awesome
67.2%
WrestleMania X-
7
Iron Sheik
67.1%
WrestleMania X-
7
One Man Gang
67.1%
Survivor Series 2000
K Kwik
67%
Judgment Day 2003
Spanky
66.7%
SummerSlam 2007
Beth Phoenix
66.6%
Taboo Tuesday 2005
Jimmy Snuka
65.2%
Bragging Rights 2009
David Hart Smith
65.1%
Great American Bash 2005
Road Warrior Animal
65%
Vengeance 2003
Doug Basham
65%
Vengeance 2003
Danny Basham
65%
Unforgiven 2005
Chris Masters
64.9%
SummerSlam 2007
Layla
64.8%
Vengeance 2006
Mikey
64.7%
Vengeance 2003
Sable
64.2%
Judgment Day 2003
Rene Dupree
64.2%
Royal Rumble 2000
Gangrel
63.8%
InVasion
Chris Kanyon
63.5%
Royal Rumble 2002
Mr Perfect
63.4%
Royal Rumble 2000
The Kat
63%
Vengeance 2006
Mitch
62.9%
Vengeance 2003
Nunzio
62.8%
Backlash 2008
Kelly Kelly
62.2%
ECW One Night Stand 2005
Super Crazy
62.1%
Backlash 2008
Natalya
61.9%
Armageddon 2003
Mark Jindrak
61.9%
Vengeance: Night of Champions
Santino Marella
61.9%
Vengeance 2003
Conquistador
61.8%
WrestleMania 2000
Taka Michinoku
61.6%
Unforgiven 2001
Brian Adams
61.3%
Royal Rumble 2000
Mosh
60.9%
Vengeance 2003
Conquistador
60.7%
WrestleMania 2000
Pete Gas
60.6%
InVasion
Sean O Haire
60.6%
Bragging Rights 2009
Tyson Kidd
60.5%
Bad Blood 2004
Eugene
60.4%
Survivor Series 2004
Heidenreich
60.3%
No Way Out 2003
Eric Bischoff
60.3%
Judgment Day 2003
Sylvain Grenier
60.2%
Taboo Tuesday 2004
Gene Snitsky
59.7%
Judgment Day 2002
Rico
59.7%
WrestleMania 2000
Thrasher
59.6%
Armageddon 2003
Lance Cade
59.3%
Royal Rumble 2009
Jack Swagger
59%
No Way Out 2007
Hornswoggle
58.9%
Judgment Day 2004
Mordecai
58.8%
ECW One Night Stand 2006
Terry Funk
58.8%
Great American Bash 2005
Juventud Guerrera
58.4%
No Way Out 2007
Domino
58.1%
Backlash 2001
Justin Credible
58%
WrestleMania 2000
Joey Abs
58%
ECW One Night Stand 2005
Psychosis
57.9%
Vengeance 2003
Orlando Jordan
57.8%
Royal Rumble 2000
Mae Young
57.8%
December to Dismember 2006
Elijah Burke
57.8%
Taboo Tuesday 2005
Candice Michelle
57.5%
WrestleMania 2000
Rodney
56.9%
Judgment Day 2002
Paul Heyman
56.9%
Unforgiven 2005
Trevor Murdoch
56.8%
Survivor Series 2006
Mike Knox
56.8%
Survivor Series 2003
Nathan Jones
56.5%
InVasion
Shawn Stasiak
56.4%
New Year's Revolution 2005
Muhammad Hassan
56.1%
No Mercy 2000
Naked Mideon
55.8%
Great American Bash 2008
Zack Ryder
55.7%
The Bash 2009
Primo
55.7%
Judgment Day 2003
Johnny Stamboli
55.5%
WrestleMania XX
Ultimo Dragon
55.5%
Survivor Series 2003
Matt Morgan
55%
First PPV in 2000s
Wrestler
% Correct
Bad Blood 2004
Gail Kim
55%
WrestleMania XXV
Brie Bella
54.8%
WrestleMania XXV
Nikki Bella
54.8%
Royal Rumble 2000
Terri
54.7%
Backlash 2004
Jonathan Coachman
54.6%
WrestleMania XX
Shannon Moore
54.4%
Royal Rumble 2001
Drew Carey
54.2%
Royal Rumble 2001
Haku
53.8%
Hell in a Cell 2009
Drew McIntyre
53.2%
Royal Rumble 2006
The Boogeyman
53.1%
Great American Bash 2008
Curt Hawkins
52.7%
Unforgiven 2001
Bryan Clark
52.2%
Great American Bash 2004
Luthor Reigns
52.2%
WrestleMania XX
Akio
51.4%
Backlash 2005
Khosrow Daivari
51.4%
Royal Rumble 2005
Simon Dean
51.4%
InVasion
Hugh Morrus
51.3%
No Mercy 2002
Dawn Marie
51.2%
Royal Rumble 2000
Bob Backlund
51.1%
ECW One Night Stand 2006
Balls Mahoney
51%
Survivor Series 2008
Vladmir Kozlov
50.9%
WrestleMania X-
7
Doink the Clown
50.7%
Cyber Sunday 2006
JTG
50.6%
Armageddon 2006
Dave Taylor
50.5%
Unforgiven 2005
Ashley Massaro
50.1%
WrestleMania X-
7
Earthquake
49.9%
Taboo Tuesday 2005
Maria
49.7%
New Year's Resolution 2007
Jim Duggan
49.6%
Cyber Sunday 2006
Shad Gaspard
49.5%
King of the Ring 2000
Pat Patterson
49.2%
No Way Out 2004
Nidia
49.2%
WrestleMania X-
7
Jim Cornette
48.7%
King of the Ring 2000
Gerald Brisco
48.5%
Royal Rumble 2003
Christopher Nowinski
48.4%
ECW One Night Stand 2005
Masato Tanaka
48.4%
Great American Bash 2004
Kenzo Suzuki
48.2%
Royal Rumble 2006
Tatanka
47.8%
WrestleMania XXV
Alicia Fox
47.6%
Insurrextion 2003
Theodore Long
47.4%
WrestleMania X-
7
The Goon
47.4%
WrestleMania X-
7
Nikolai Volkoff
46.8%
WrestleMania X-
7
Kamala
46.5%
Taboo Tuesday 2004
Christy Hemme
46.5%
Cyber Sunday 2008
Evan Bourne
46.5%
Backlash 2000
Essa Rios
46.4%
Armageddon 2005
Kid Kash
46.4%
WrestleMania 23
Matt Striker
46.4%
WrestleMania X-
7
Cousin Luke
46.1%
Armageddon 2004
Daniel Puder
45.9%
WrestleMania XXV
Eve Torres
45.8%
WrestleMania X-
7
Gobbledy Gooker
45.6%
Royal Rumble 2000
Barbara Bush
45.3%
WrestleMania X-
7
Cousin Butch
45.1%
WrestleMania X-
7
Hillbilly Jim
45.1%
Insurrextion 2003
Rodney Mack
45%
Unforgiven 2008
Maryse
44.8%
WrestleMania X-
7
Brother Love
44.5%
Great American Bash 2005
Blue Meanie
43.9%
Vengeance 2003
Easter Bunny
43.7%
WrestleMania XX
Miss Jackie
43.4%
WrestleMania X-
7
Kim Chee
43.2%
WrestleMania X-
7
Michael Hayes
43.2%
WrestleMania XXIV
Floyd Mayweather
42.8%
WrestleMania X-
7
Tugboat
42.4%
WrestleMania XXV
Sunny
42.4%
Great American Bash 2008
Jesse
42.4%
Royal Rumble 2004
Ernest Miller
41.2%
Bad Blood 2004
Tyson Tomko
41.2%
WrestleMania 21
Akebono
40.7%
WrestleMania X-
7
Duke Droese
40.4%
InVasion
Earl Hebner
40.4%
No Way Out 2004
Shaniqua
40.3%
Unforgiven 2006
Rory McAllister
40.1%
Unforgiven 2006
Robbie McAllister
40.1%
InVasion
Nick Patrick
39.6%
Armageddon 2004
Jesus
38.6%
WrestleMania XX
Sharmell
38.3%
Royal Rumble 2000
Luna Vachon
37.7%
Armageddon 2005
Paul Burchill
37.5%
WrestleMania 23
Marcus Cor Von
37.3%
Night of Champions 2008
Katie Lee Burchill
37.1%
ECW One Night Stand 2006
Beulah McGillicutty
36.4%
Backlash 2008
Cherry
36.4%
WrestleMania XXV
Joy Giovanni
35%
December to Dismember 2006
Ariel
34%
Backlash 2005
Antonio
33.1%
Backlash 2005
Romeo
33.1%
ECW One Night Stand 2006
Tony Mamaluke
31.2%
Vengeance 2003
Zach Gowan
30.6%
WrestleMania XXV
Rosa Mendes
28%
WrestleMania XXV
Tiffany
27.2%
Great American Bash 2006
Kristal Marshall
27%
December to Dismember 2006
Sylvester Terkey
25.6%
Vengeance 2003
Matt Cappotelli
25.4%
SummerSlam 2007
Brooke
23.9%
No Mercy 2006
Marty Garner
22.1%
Quiz Playlist
Details
Report
Send in Message
Add To Playlist
Classic:
Type in answers that appear in a list
Last Updated: Jan 22, 2019
Quiz Scoreboard
CHALLENGE
Sign Up to Join the Scoreboard
Show All
Scores
Hide
Comments
May contain spoilers
Recently Published
Popular People in 1961
by mucciniale
History
6m
1-10 Letter E Words III
by El_Dandy
Language
2m
One Thing in Common: World Cities II
by knightlancer
Geography
7m
More to Explore
Quiz From the Vault
Featured Blog Post
Where Did the Easter Bunny Come From?
hide this ad
You Might Also Like...
Tags
WWE Quiz
2000
2000s
PPV
PPV Matches
Pro Wrestling
Wrestling
WWF
WWF Championship
Today's Top Quizzes in Sports
Browse Sports
hide this ad
Today's Top Quizzes in WWE
Browse WWE
Top Contributed Quizzes in Sports
1
Les meilleurs buteurs des matchs entre le PSG et l’OM
2
Les entraîneurs de l'OM et du PSG au 21e siècle
3
2022 World Cup Stars
4
FIFA Club World Cup Champions
5
Name the Premier League winners with different clubs
6
La finale Lions - Afrique du Sud 2021
7
Criteria MLB: Left Handed Sluggers
8
Players with Multiple 50 Home Run Seasons
9
MLB Players with Two .350 Batting Average Seasons
10
MLB Hall of Famer by Rings
Explore More
Trending Topics
Harry Potter
Anime
Disney
Crossword
NBA
Kpop
Marvel
Song
Puzzle
WWE
The Office
Soccer
Pokémon
NFL
Country
hide this ad
More By:
spark3
Quiz
Plays
Rating
Category
Featured
Created
WWE Greatest Matches (Wrestling Observer)
18,160
4.18
Sports
Feb 18, 2012
Appearances on both WWE Raw and WCW Nitro
12,630
3.98
Sports
Jan 18, 2012
Pro Wrestling World Champions - (Clickable Game)
6,266
3.43
Sports
Apr 1, 2012
Wrestled on both a WWE and WCW PPV
5,510
3.81
Sports
Jan 20, 2012
WWE 2000s Roster Scramble
5,297
4.05
Sports
Mar 19, 2012
Go to Creator's Profile
Score Distribution
Quiz Creator Spotlight
spark3
Follow
Send a Message
Quizzes Created
-
Created Quiz Play Count
-
More By This Creator
Popular Quizzes Today
1
Find the US States - No Outlines Minefield
2
The Countries of the World
3
Find the Countries of Europe - No Outlines Minefield
4
Popular People in 1961
5
1-10 Letter E Words III
6
Find the US States
7
One Thing in Common: World Cities II
8
US States
More Sports Quizzes
Norris Trophy Winners NHL (All-Time)
Quiz Lab
Trending Quizzes
Risky Map Clicking: Least Populous States A-Z
1-10 Letter F Words
1-10 Letter G Words
One Thing in Common: United Kingdom
Risky Map Clicking: Next State Alphabetically
Recently Updated
Leaping Animals
pecheneg
Reality TV Shows (A-Z)
bhenderson79
Rickey Henderson's Hall of Fame Teammates
pecheneg
Champions League XIs: Arsenal
pecheneg
Quick Pick: Celebrities in WWE's Hall of Fame
aduchscher
A-Z Keypad Blitz II
pecheneg
Multiple Oscar Actors
pecheneg
Mystery Phrase Blitz: Oscar 'Best Actors'
pecheneg
F. Scott Fitzgerald Novels
LTH
Pick 3 Villains
ddd62291
Trending Topics
Harry Potter
Anime
NBA
Crossword
Kpop
Disney
Marvel
NFL
Soccer
The Office
WWE
Pokémon
Song
Country
Puzzle
Your Account Isn't Verified!
In order to create a playlist on Sporcle, you need to verify the email address you used during registration. Go to your
Sporcle Settings
to finish the process.
Report this User
Report this user for behavior that violates our
Community Guidelines
.
Details:
Send Report
Go to the Sporcle.com Mobile Site →
Comments